Polskie kanały powyżej 2 milionów subskrybcji - Statystyki

Ogólne statystyki
  • Ten quiz został rozwiązany 5 820 razy
    2 220 od ostatniego zresetowania
  • Średni wynik to 7 z 20
Statystyki odpowiedzi
Youtuberzy % Poprawnych
Blowek
92%
Friz
92%
Stuu
74%
Rezigiusz
69%
Naruciak
41%
SA Wardęga
39%
Isamu
30%
AbstrachujeTV
29%
Izak
24%
Kamerzysta
24%
Karolek
24%
5 sposobów na
22%
Planeta Faktów
21%
DISCO MAREK
17%
SBM Label
15%
Step Records
14%
Vito Minecraft
11%
5-Minutowe Sztuczki
4%
Car Music
4%
TVN PL
4%
Nie znaleziono quizów pasujących do podanych kryteriów
Rozkład punktacji
Procent ludzi z każdym wynikiem
Percentyl według liczby udzielonych odpowiedzi
Twoja historia wyników
Nie rozwiązałeś tego quizu od ostatniego zresetowania